000 00490nam a2200181Ia 4500
008 090123s9999 xx 000 0 und d
082 _b3741
100 _aअंबिकातनयदत्त
245 _aनादलिले
250 _a7
260 _c1974
300 _a87
600 _aअंबिकातनयदत्त
630 _aनादलिले
700 _aअंबिकातनयदत्त
730 _aनादलिले
942 _cBOOK
999 _c41820
_d41820